EVERY Connor Price Song - Statistics

General Stats
  • This quiz has been taken 17 times
  • The average score is 45 of 149
Answer Stats
Anwer % Correct
S
93%
Violet
80%
Spinnin
73%
Trendsetter
73%
Up
73%
Customs
67%
Straight A's
67%
Drop
60%
HOV
60%
Overnight
60%
Bankroll
53%
Buddy
53%
East Coast
53%
Golden Goose
53%
It's Going Down
53%
Riptide
53%
Splat
53%
Starter Pistol
53%
Still Hot
53%
Too Bad
53%
AMG
47%
Benjamin Button
47%
Chatter
47%
Chuck Taylor
47%
Crown
47%
Gasoline
47%
John Wick
47%
Million Cash
47%
Pull Up
47%
Rare Candy
47%
Ruby
47%
Runaway
47%
Smoke
47%
Smooth
47%
Summer Secret
47%
Swing
47%
These Days
47%
Big Pockets
40%
Blue Shell
40%
Can't Give Up
40%
DIP
40%
Easy
40%
EGOT
40%
False Alarm
40%
Gift and a Curse
40%
Hopeless
40%
Jude's Song
40%
Let Me Cook
40%
Love Language
40%
Marathon
40%
Miss You
40%
New Phone
40%
No Bad Side
40%
Not A Beanie
40%
Receipts
40%
Slip
40%
Swordfish
40%
Thrillin
40%
Tombstone
40%
Vroom
40%
All of the Above
33%
Chirp
33%
Correct
33%
Didn't Ask
33%
Double Check
33%
Grateful
33%
Happy Face
33%
I Gave Everything
33%
I Need Help
33%
Outside
33%
Pink Blue
33%
Selfish
33%
The Birds
33%
The Usual
33%
You
33%
You Said
33%
Aces
27%
Christmas In Vegas
27%
Courteney Cox
27%
Eastern Ave Night Drive
27%
Globe Cypher
27%
Happy Alone
27%
Let Go
27%
Midsummer Freestyle
27%
Nobodies
27%
Start Again
27%
Stats
27%
Still Blue
27%
Toast
27%
Tuesday
27%
Underdog
27%
Unfair
27%
'21 Raps
20%
Chess
20%
City Lights
20%
Clouds
20%
Cold
20%
Edamame
20%
Icon
20%
Imposter Syndrome
20%
Just the Two of Us
20%
No Visits
20%
Roots
20%
Sicko Mode
20%
Sunny
20%
The Basics
20%
Typical Rapper
20%
Aster
13%
Channel Surfing With God
13%
Day Off
13%
Don't Tell Me
13%
Drip Too Hard
13%
Flava In Ya Ear
13%
God's Plan
13%
Group Chat
13%
I.D.W.B.F.
13%
I Was Never Afraid
13%
Let Me Down
13%
Nobody Knows
13%
No Heart
13%
Off Deez
13%
Super
13%
Talk About Us
13%
Vaccine
13%
Bad News
7%
Cancun
7%
Can You Rap Like Me
7%
Fine Apple
7%
I Could Be Your Man
7%
Lemon Pepper Freestyle
7%
Let Me Talk
7%
LOL
7%
Origami
7%
Over the Top
7%
Party Lyfe
7%
Spicy
7%
Take A Break
7%
Toiletry
7%
What's Poppin
7%
Big Mad
0%
Break Ya Neck
0%
Decades
0%
Don't Text Me
0%
Home
0%
I Been Himma
0%
Small Talk
0%
Street Wise
0%
Sweet Love Story
0%
WYD Now
0%
No matching quizzes found
Score Distribution
Percent of People with Each Score
Percentile by Number Answered
Your Score History
You have not taken this quiz